000 01738nam a2200277Ia 4500
005 20240422154112.0
008 130821s1926 fr gr fre
040 _aCo-BoUCM
_bspa
_cSandra Yazo
_dSandra Yazo
041 0 _aspa
082 0 4 _a238.282
_220
092 _aE53N020
100 1 _a Loisy, Alfred
_970133
_d1857-1940‏
242 0 0 _aReligión y humanidad
_bAlfredo Loisy
_yspa
245 1 0 _aReligion et Humanité
_cAlfred Loisy
260 _aParis (Francia)
_bÉmile Nourry ; Jouve et Cie. [Emilio Nourry ; Imprenta de Jouve y Compañía)
_c1926
300 _a266 páginas
_c18 x 12 cm
500 _aDetalles físicos: Sin encuadernación original, actualmente, encuadernación rígida (holandesa) en cartón forrado en papel; lomo de tela con letras y líneas decorativas en dorado. Guardas. Hoja de cortesía. Anteportada. Portada, impresa en una sola tinta; pequeño grabado decorativo. Texto impreso en una sola columna, con diferentes tipos y tamaños de letra. Notas de pie de página. Márgenes amplios. Índice. Papel con oxidación en los bordes. Portada con sello de tinta
505 0 _aIntroducción. Importancia y utilidad de las ciencias religiosas. Situación posiblemente delicada de quienes se dedican a ellas. Papel y futuro de las ciencias religiosas. Ciencias y humanidad: fe moral y razón. La ilusión mística y la verdad humana. Ensayo sobre el Espíritu. Ensayo sobre la Fe. Ensayo sobre la Religión.
506 _aConsulta en sala.
546 _aTexto en francés
650 7 _aFilosofía de la religión
_915775
650 7 _aFe y razón
_915615
650 7 _aReligión
_vAspectos filosóficos
_923497
690 _aTeología
_925230
942 _cLIBRO
_a4
_e2
_2LOCAL
_hE53N020
999 _c324114
_d324114